Encyclopedia of Entomology. 4V (Record no. 160100)

MARC details
000 -LEADER
fixed length control field 00387nam a2200157Ia 4500
008 - FIXED-LENGTH DATA ELEMENTS--GENERAL INFORMATION
fixed length control field 230917s9999||||xx |||||||||||||| ||und||
040 ## - CATALOGING SOURCE
-- 196777
Original cataloging agency VIVEKANANDA LIBRARY
041 ## - Language
-- English
082 ## - DDC NUMBER
Classification number 595.703 C172E(2)
100 ## - MAIN ENTRY--PERSONAL NAME
Personal name Capinera, John L
245 #0 - TITLE STATEMENT
Title Encyclopedia of Entomology. 4V
250 ## - EDITION STATEMENT
Edition statement 2nd ed.
260 ## - PUBLICATION, DISTRIBUTION, ETC. (IMPRINT)
Place of publication, distribution, etc Berlin
Name of publisher, distributor, etc Springer-Verlag
Date of publication, distribution, etc 2008
300 ## - PHYSICAL DESCRIPTION
Pages v. p.
942 ## - ADDED ENTRY ELEMENTS (KOHA)
Koha item type Books
Holdings
Withdrawn status Lost status Damaged status Not for loan Location (home branch) Sublocation or collection (holding branch) Date acquired Koha issues (times borrowed) Koha full call number Accession No. Koha date last seen Koha item type
        VIVEKANANDA LIBRARY VIVEKANANDA LIBRARY 24/02/2012   595.703 C172E(2) 293460 17/09/2023 Books
        VIVEKANANDA LIBRARY VIVEKANANDA LIBRARY 24/02/2012   595.703 C172E(2) 293461 17/09/2023 Books
        VIVEKANANDA LIBRARY VIVEKANANDA LIBRARY 24/02/2012   595.703 C172E(2) 293462 17/09/2023 Books
        VIVEKANANDA LIBRARY VIVEKANANDA LIBRARY 24/02/2012   595.703 C172E(2) 293463 17/09/2023 Books
© Designed and Maintained by Vivekananda Library, MDU Rohtak